000 01226nam a2200241Ia 4500
999 _c56040
_d56040
001 23140
003 GE_BSU
005 20230717111105.0
008 181216s1967||||ge |||||||||||||| ||geo||
040 _cGE_BSU
041 _ageo
080 _a821.134.2-31 ს-42
100 _aსერვანტეს საავედრა, მიგელ დე
_912655
245 _aთხზულებანი : 4 ტომად. ტ. 1 :
_bდონ-კიხოტი ლამანჩელი. წ. 1 /
_cმიგელ დე სერვანტეს საავედრა ; თარგმანი ნ. ავალიშვილისა ; წინასიტყვ. რედ. და შენიშვნები ნ. აგიაშვილისა.
264 _aთბილისი :
_b[?],
_c1967.
300 _a590 გვ. :
_b1 ფ. პორტრ. ;
_c21 სმ.
541 _h2 ლ. 06 თ.
653 _aთხზულებანი : 4 ტომად. ტ. 1
653 _aდონ-კიხოტი ლამანჩელი. წ. 1
653 _aრომანი
700 _aავალიშვილი, ნ.
_eმთარგმნელი
_95257
942 _cBK
_2udc